Statistiques concernant MORPION FOOT-TIC TAC TOE FOOT-FACILE #1 INSTA : manu._.adr

Cliquez ici pour prendre le quiz!

Statistiques générales

  • Ce quiz a été pris 13 490 fois
    (13 454 depuis la dernière actualisation)
  • Le résultat moyen est 10 sur 16

Statistiques - réponses

Réponse% Correct
OM
95%
AC MILAN
94%
FC BARCELONE
94%
MANCHESTER UNITED
93%
REAL MADRID
93%
PSG
66%
Cristiano Ronaldo/Casemiro/David Beckham/Juan Mata/Angel Di Maria/Gabriel Heinze/Chicharito/Laurie Cunningham/Michael Owen/Ruud Van Nistelrooy
63%
Samuel Eto'o/Ronaldo/Javier Saviola/Luis Figo/Albert Celades/Luis Enrique/Julen Lopetegui/Miquel Soler/Gheorghe Hagi/Michael Laudrup/Robert Prosinečki/Luis Milla/Alfredo Di Stefano/Bernd Schuster
61%
JUVENTUS
60%
Lionel Messi/Rafinha/Ronaldinho/Zlatan Ibrahimović/Neymar/Kays Ruiz-Atil/Xavi Simons/Dani Alves/Lucas Digne/Thiago Motta/Maxwell/Ludovic Giuly/Cristóbal/Mikel Arteta/Richard Dutruel/Frédéric Déhu/Juan Pablo Sorín
59%
Diego Lopez/Kaka/Klaas-Jan Huntelaar/Julio Cesar/Fernando Redondo/Ronaldo Nazario/Emerson
52%
Zlatan Ibrahimovic/Patrice Evra/Cristiano Ronaldo/Carlos Tévez/Paul Pogba/Andrea Pirlo/Angel Di Maria
50%
Zlatan Ibrahimovic/Jérémy Ménez/Thiago Silva/Mike Maignan/Alex
45%
Angel Di Maria/Gabriel Heinze/David Beckham/Zlatan Ibrahimovic
40%
Miralem Pjanic/Arthur/Neto/Arturo Vidal/Zlatan Ibrahimovic/Dani Alves/Martín Cáceres/Thierry Henry/Gianluca Zambrotta/Lilian Thuram/Edgar Davids/Michael Laudrup/Michael Laudrup
38%
Emerson/Gonzalo Higuain/Mattia De Sciglio/Fabio Capello/Marco Boriello/Aldo Serena/Christian Vieri/Paolo Di Canio/Marco Storari/Christian Abbiati/Patrick Vieira/Andrea Pirlo/Zlatan Ibrahimovic/Edgar Davids/Paolo Rossi/Gianluca Zambrotta/Philippo Inzaghi/Leonardo Bonucci/Roberto Baggio/Alberto Aquilani
34%

Distribution des résultats

Percentile par nombre de réponses

% des personnes avec chaque résultat

Votre développement - résultats

Vous n’avez pas pris ce quiz depuis la dernière actualisation